Statistics for Name as Much Roller Coasters as Fast as Possible!

Click here to take the quiz!

General Stats

  • This quiz has been taken 519 times
  • The average score is 5 of 9

Answer Stats

DescriptionCorresponding Roller Coaster% Correct
Tallest Roller CoasterKingda Ka
98%
Fastest Roller CoasterFormula Rossa
81%
First 4D CoasterX2
76%
Longest Roller CoasterSteel Dragon 200
60%
Tallest and Fastest Dive CoasterValravn
58%
First Giga CoasterMillennium Force
40%
First Six FlagsSix Flags Over Texas
36%
Tallest Loop is on this Roller Coaster:Full Throttle
31%
First Launch CoasterVolcano
3%

Score Distribution

Percentile by Number Answered

Percent of People with Each Score

Your Score History

You have not taken this quiz